000 00932nam0a22002651 4500
001 rc\461717
005 20030616171950.5
035 _a(NLR Aleph) 005706127
090 _a7328866
_c7328866
100 _a20030616d1987 u |0rusy50 ca
101 0 _arus
102 _aRU
105 _aa |||||||||
200 1 _aТепло- и массоперенос в центробежных тепловых трубах
210 _aМинск
_cИТМО
_d1987
215 _a43 с.
_cил.
_d20
225 1 _aПрепринт
_fАН БССР, Ин-т тепло- и массообмена им. А.В. Лыкова
_v№ 42
320 _aБиблиогр.: с. 42-43
700 1 _aВасильев
_bЛ. Л.
_gЛеонард Леонидович
701 1 _aХроленок
_bВ. В.
_gВалерий Васильевич
801 0 _aRU
_bNLR
_gpsbo
801 1 _aRU
_bELAR
_2rusmarc
852 _aNLR
_j88-4/19928
942 _cBOOK
980 _aNB